000 00330nam a22001337a 4500
020 _a8178210810
082 _a221 THO4
100 _aThomas, M.M.
245 _aEverything is Vanity: A Deviant Perspective(Eclesiastes)
260 _aTiruvalla, Kerala
_bCSS Books
_c2008
300 _a117
650 _aOld Testament
942 _cBK
999 _c22706
_d22706